Textos básicos de la organización internacional
Guardat en:
| Autor principal: | |
|---|---|
| Format: | Llibre |
| Idioma: | espanyol |
| Publicat: |
Madrid
Instituto de Estudios Políticos
1955
|
| Matèries: | |
| Etiquetes: |
Afegir etiqueta
Sense etiquetes, Sigues el primer a etiquetar aquest registre!
|
MARC
| LEADER | 00000nam a2200000 a 4500 | ||
|---|---|---|---|
| 001 | UCY1169 | ||
| 003 | CL-VaPUC | ||
| 008 | 940823e19550000SP |||||||||||||||||spa|d | ||
| 082 | 0 | 4 | |a 341.026 |b COR |2 21 |
| 100 | 0 | |a Cordero Torres, José María |e author |9 329074 | |
| 245 | 1 | 0 | |a Textos básicos de la organización internacional |
| 300 | |a 406 p | ||
| 942 | |c BK | ||
| 945 | |d 19940823 00:00:00 |a aalvarez | ||
| 260 | |a Madrid |b Instituto de Estudios Políticos |c 1955 | ||
| 650 | 0 | |a Tratados internacionales |9 256056 | |
| 650 | 7 | |a ORGANIZACION INTERNACIONAL |2 CL-VaPUC |9 255741 | |
| 583 | |a last modification |c 19940823 00:00:00 |k Rodrigo Vera | ||
| 999 | |c 229955 |d 229953 | ||
| 952 | |0 0 |1 0 |4 0 |6 341_026000000000000_COR_1955 |7 0 |8 A |9 231712 |a BIBDER |b BIBDER |d 2019-11-15 |i 3012425 |o 341.026 COR 1955 |p 3012425 |r 2023-01-25 |w 2019-11-15 |y BK |k DER | ||